[Event "Team men HL chess"]
[Site "?"]
[Date "2015.05.02"]
[Round "2.3"]
[White "Glek, Igor"]
[Black "Oganian, Miran"]
[Result "1/2-1/2"]
[WhiteElo "2417"]
[BlackElo "2375"]
[PlyCount "167"]
[EventDate "2015.05.01"]

1. e4 c5 2. Nf3 Nc6 3. Bb5 d6 4. c3 Nf6 5. Qe2 Bd7 6. d4 cxd4 7. cxd4 a6 8. Ba4
d5 9. exd5 Qa5+ 10. Bd2 Qxa4 11. dxc6 Bxc6 12. Nc3 Qa5 13. Ne5 Bd5 14. O-O e6
15. Bg5 Be7 16. Rad1 Rd8 17. Rd3 Bc4 18. Nxc4 Qxg5 19. Ne5 Qh5 20. g4 Qh4 21.
f4 Nd5 22. Qg2 Bd6 23. Nxd5 Bxe5 24. dxe5 Rxd5 25. Rxd5 exd5 26. h3 h5 27. g5
O-O 28. Kh2 Rc8 29. Qf2 Qxf2+ 30. Rxf2 g6 31. Rd2 Kf8 32. Kg3 Ke7 33. Rxd5 Rc2
34. b3 Rxa2 35. Rd6 b5 36. f5 gxf5 37. Kf4 Rf2+ 38. Kg3 Rb2 39. Rxa6 Rxb3+ 40.
Kf4 Rxh3 41. Rb6 b4 42. Kxf5 Rf3+ 43. Ke4 Rg3 44. Kf4 Rg1 45. Kf5 Rf1+ 46. Ke4
Rb1 47. g6 fxg6 48. Rxg6 b3 49. Kd3 Rf1 50. Kc3 Rf3+ 51. Kb2 Rf5 52. Kxb3 Rxe5
53. Kc4 Kf7 54. Rg1 Kf6 55. Kd4 Re8 56. Kd3 Kf5 57. Rg2 Kf4 58. Rh2 Re5 59. Rh1
Kf3 60. Kd2 Kg2 61. Rh4 Kg3 62. Ra4 h4 63. Ra8 Rg5 64. Ke2 Kg2 65. Ke3 h3 66.
Kf4 Rg7 67. Ra2+ Kh1 68. Kf3 Rg2 69. Ra1+ Rg1 70. Ra8 Kh2 71. Kf2 Rg7 72. Rf8
Kh1 73. Kf1 Rg1+ 74. Kf2 Ra1 75. Rf7 Kh2 76. Rf8 Ra2+ 77. Kf1 Kg3 78. Rg8+ Kf3
79. Rf8+ Kg3 80. Rg8+ Kf4 81. Kg1 Rg2+ 82. Rxg2 hxg2 83. Kf2 Kg4 84. Kxg2
1/2-1/2

[Event "Team men HL chess"]
[Site "?"]
[Date "2015.05.02"]
[Round "2.3"]
[White "Zakaryan, David"]
[Black "Alikulov, Elbek"]
[Result "0-1"]
[WhiteElo "2281"]
[BlackElo "2407"]
[PlyCount "86"]
[EventDate "2015.05.01"]

1. d4 Nf6 2. c4 g6 3. g3 Bg7 4. Bg2 O-O 5. Nc3 d6 6. Nf3 c6 7. O-O Qa5 8. h3 h6
9. e4 e5 10. Be3 Be6 11. d5 cxd5 12. exd5 Bf5 13. Nb5 Ne8 14. a3 Bd7 15. b4 Qd8
16. a4 a6 17. Na3 a5 18. b5 b6 19. Qd2 Kh7 20. Rac1 Bc8 21. Ne1 Nd7 22. f4 Nc5
23. Qd1 f5 24. Nd3 exf4 25. gxf4 Nf6 26. Nxc5 dxc5 27. Qd3 Ra7 28. Nb1 Re8 29.
Rce1 Rae7 30. Kh2 Qd6 31. Rf3 g5 32. Nd2 g4 33. Rff1 h5 34. Bf2 gxh3 35. Bxh3
Ng4+ 36. Bxg4 hxg4 37. Rxe7 Rxe7 38. Bh4 Qh6 39. Kg3 Bd4 40. Kg2 Re3 41. Qxe3
Bxe3 42. Rh1 Kg7 43. Bg5 Qd6 0-1

[Event "Team men HL chess"]
[Site "?"]
[Date "2015.05.02"]
[Round "2.3"]
[White "Vdovin, Vadim"]
[Black "Kudelya, Igor"]
[Result "1-0"]
[WhiteElo "2375"]
[BlackElo "2256"]
[PlyCount "87"]
[EventDate "2015.05.01"]

1. e4 c5 2. Nf3 Nc6 3. d4 cxd4 4. Nxd4 Qc7 5. Nc3 e6 6. Be2 a6 7. O-O Nf6 8.
Be3 Bb4 9. Na4 Bd6 10. g3 b5 11. Nb6 Rb8 12. Nxc8 Rxc8 13. c4 Nxd4 14. Bxd4 e5
15. Be3 b4 16. c5 Bxc5 17. Rc1 Qb6 18. Bxa6 Rc6 19. Rxc5 Rxc5 20. Bc4 Qc7 21.
Bxc5 Qxc5 22. Bb3 Ke7 23. Qd3 Rc8 24. Rd1 Rc7 25. Kg2 Qc6 26. f3 Qc5 27. Rd2 h6
28. Rc2 Qd4 29. Qxd4 Rxc2+ 30. Qf2 Rxf2+ 31. Kxf2 Kd6 32. Bxf7 Kc5 33. Ke3 d6
34. h3 Kb6 35. f4 Nd7 36. f5 Nc5 37. Bb3 Kc7 38. g4 Kd8 39. h4 Ke7 40. g5 hxg5
41. hxg5 Nd7 42. a3 Nc5 43. Bd5 b3 44. Kd2 1-0

[Event "Team men HL chess"]
[Site "?"]
[Date "2015.05.02"]
[Round "2.4"]
[White "Iljiushenok, Ilia"]
[Black "Smirnov, Alexey"]
[Result "1-0"]
[WhiteElo "2485"]
[BlackElo "2482"]
[PlyCount "69"]
[EventDate "2015.05.01"]

1. e4 c5 2. Nf3 d6 3. d4 cxd4 4. Nxd4 Nf6 5. Nc3 a6 6. Bg5 e6 7. f4 h6 8. Bh4
Qb6 9. Qd2 Qxb2 10. Rb1 Qa3 11. Be2 Be7 12. O-O O-O 13. e5 dxe5 14. fxe5 Nd5
15. Nxd5 Bxh4 16. Rb3 Qc5 17. Nf6+ Bxf6 18. exf6 Rd8 19. Rc3 Qg5 20. Qe1 g6 21.
Kh1 Nc6 22. Rg3 Qc5 23. Nxc6 bxc6 24. Bd3 Kh7 25. Rf4 Rd5 26. Rc4 Re5 27. Qf1
Qa5 28. c3 Bd7 29. h4 Rb8 30. Rd4 Rd5 31. Qe2 Be8 32. Rxd5 Qxd5 33. h5 a5 34.
Qe3 Rd8 35. Rh3 1-0

[Event "Team men HL chess"]
[Site "?"]
[Date "2015.05.02"]
[Round "2.4"]
[White "Pakhomov, Alexey"]
[Black "Chernobay, Artem"]
[Result "0-1"]
[WhiteElo "2362"]
[BlackElo "2511"]
[PlyCount "106"]
[EventDate "2015.05.01"]

1. Nf3 f5 2. d4 d6 3. g3 Nf6 4. Bg2 g6 5. c3 Bg7 6. Qb3 Nc6 7. Ng5 d5 8. Nf3 h6
9. Bf4 e6 10. Ne5 Ne7 11. h4 O-O 12. Nd2 b6 13. c4 c5 14. cxd5 exd5 15. Ndf3
Ne4 16. Rd1 c4 17. Qe3 Kh7 18. Nd2 b5 19. f3 Nf6 20. a3 a5 21. O-O b4 22. axb4
axb4 23. Ra1 Ra6 24. Rxa6 Bxa6 25. g4 Qb6 26. g5 Nh5 27. Nd7 Bxd4 28. Nxb6 Nxf4
29. Qxd4 Nxe2+ 30. Kf2 Nxd4 31. Re1 Rf7 32. Nb1 f4 33. Rd1 Ndf5 34. Nxd5 Nxd5
35. Rxd5 Nxh4 36. Bf1 Rc7 37. Nd2 hxg5 38. Ne4 c3 39. Nf6+ Kh6 40. bxc3 Bxf1
41. Kxf1 bxc3 42. Rd8 Nxf3 43. Rh8+ Kg7 44. Rh7+ Kxf6 45. Rxc7 Nd2+ 46. Ke2 Ne4
47. Kd3 Kf5 48. Rc4 f3 49. Rc8 g4 50. Ke3 Kg5 51. Rf8 c2 52. Rc8 f2 53. Ke2 g3
0-1

[Event "Team men HL chess"]
[Site "?"]
[Date "2015.05.02"]
[Round "2.4"]
[White "Sarana, Alexey"]
[Black "Draganov, Ruslan"]
[Result "1-0"]
[WhiteElo "2436"]
[BlackElo "2193"]
[PlyCount "81"]
[EventDate "2015.05.01"]

1. d4 Nf6 2. Nf3 e6 3. c4 b6 4. g3 Bb7 5. Bg2 d6 6. O-O Be7 7. Nc3 Nbd7 8. Qc2
O-O 9. e4 g6 10. Ne1 e5 11. d5 Nh5 12. Nd3 Bf6 13. Be3 Nc5 14. f4 exf4 15. gxf4
Nxd3 16. Qxd3 a5 17. Rae1 Bc8 18. Nb5 Bxb2 19. Nd4 Bxd4 20. Bxd4 Rb8 21. Qd2 f6
22. e5 f5 23. Bf3 Ng7 24. Bc3 Ba6 25. Qd4 Rf7 26. Be2 Qh4 27. e6 Re7 28. Bd3
Rf8 29. Re3 Bb7 30. Rg3 Bc8 31. Be2 c5 32. Qd3 Rb7 33. Rg5 Ne8 34. Qe3 Qh6 35.
Rf3 Rf6 36. Bd1 Qf8 37. Ba4 Ng7 38. Bb2 Qe7 39. Qc3 Rf8 40. h4 Rc7 41. h5 1-0

[Event "Team men HL chess"]
[Site "?"]
[Date "2015.05.02"]
[Round "2.4"]
[White "Romanenkov, Aleksandr"]
[Black "Ofitserian, Boris"]
[Result "0-1"]
[WhiteElo "2123"]
[BlackElo "2259"]
[PlyCount "106"]
[EventDate "2015.05.01"]

1. d4 Nf6 2. c4 g6 3. Nc3 Bg7 4. e4 d6 5. Nf3 O-O 6. Be2 Bg4 7. Be3 Nfd7 8. Qd2
e5 9. d5 Nb6 10. b3 N8d7 11. O-O Bxf3 12. Bxf3 f5 13. Qd1 a5 14. Be2 Qe7 15. f3
Bf6 16. Qd2 Nc8 17. Rab1 f4 18. Bf2 Bh4 19. g3 Bg5 20. Qd1 h5 21. Re1 fxg3 22.
hxg3 h4 23. Bf1 hxg3 24. Bxg3 Nf6 25. Bg2 Nh5 26. Bf2 Bf4 27. Ne2 Qg5 28. Kf1
Bd2 29. Qc2 Bxe1 30. Rxe1 b6 31. Qc1 Qf6 32. Qh6 Qg7 33. Be3 Qxh6 34. Bxh6 Rf7
35. Bg5 Kg7 36. Kf2 Nf6 37. Ng3 Ne7 38. Bh3 Raf8 39. Be6 Nh7 40. Bxf7 Nxg5 41.
Be6 Nxf3 42. Nf5+ Rxf5 43. Re3 Rf4 44. Rxf3 Rxf3+ 45. Kxf3 Ng8 46. a3 Nf6 47.
b4 axb4 48. axb4 Kh6 49. Bh3 Kg5 50. Be6 Kh4 51. Bf7 g5 52. Bg6 Kh3 53. Bf5+
g4+ 0-1

[Event "Team men HL chess"]
[Site "?"]
[Date "2015.05.02"]
[Round "2.5"]
[White "Smirnov, Timofey"]
[Black "Chigaev, Maksim"]
[Result "0-1"]
[WhiteElo "2338"]
[BlackElo "2497"]
[PlyCount "110"]
[EventDate "2015.05.01"]

1. e4 c6 2. d4 d5 3. Nc3 dxe4 4. Nxe4 Bf5 5. Ng3 Bg6 6. h4 h6 7. Nf3 Nd7 8. h5
Bh7 9. Bd3 Bxd3 10. Qxd3 e6 11. Bf4 Qa5+ 12. Bd2 Bb4 13. c3 Bd6 14. c4 Bb4 15.
Ne4 Bxd2+ 16. Qxd2 Qxd2+ 17. Kxd2 Ke7 18. Rae1 Ngf6 19. Kc3 Nxe4+ 20. Rxe4 Nf6
21. Re2 Rhd8 22. Ne5 Rac8 23. g4 Kf8 24. b4 b5 25. Rc1 Nd7 26. Kd3 c5 27. bxc5
Nxc5+ 28. Ke3 Na4 29. Rec2 b4 30. Rb1 a5 31. a3 Nc3 32. Rbc1 f6 33. Ng6+ Kf7
34. axb4 axb4 35. Kd3 Rc7 36. Rxc3 bxc3 37. Kxc3 Rxc4+ 38. Kxc4 Rc8+ 39. Kd3
Rxc1 40. f3 Rf1 41. Ke3 Ke8 42. Nf4 Kd7 43. Ne2 Kd6 44. Nc3 Ra1 45. Kd3 f5 46.
Ke3 Ra3 47. Kd2 Rb3 48. Kc2 Rb4 49. Kd3 e5 50. dxe5+ Kxe5 51. gxf5 Kxf5 52. Ke2
Rb2+ 53. Ke3 Rb3 54. Kd3 Rxc3+ 55. Kxc3 Kf4 0-1

[Event "Team men HL chess"]
[Site "?"]
[Date "2015.05.02"]
[Round "2.5"]
[White "Levin, Evgeny A"]
[Black "Tarasov, Alexandr"]
[Result "1-0"]
[WhiteElo "2529"]
[BlackElo "2261"]
[PlyCount "53"]
[EventDate "2015.05.01"]

1. d4 Nf6 2. c4 e6 3. Nf3 b6 4. e3 Bb7 5. Bd3 d5 6. b3 Bd6 7. O-O Nbd7 8. Nc3
O-O 9. Bb2 c5 10. cxd5 exd5 11. Rc1 Rc8 12. Qe2 Ne4 13. Ba6 Bxa6 14. Qxa6 cxd4
15. Nxd4 Ndc5 16. Qe2 Be5 17. Rfd1 Bxd4 18. Rxd4 Ne6 19. Rdd1 Nxc3 20. Bxc3 Qe7
21. Qf3 Qa3 22. Rc2 Rc5 23. Rxd5 Rfc8 24. e4 Rxd5 25. exd5 Nd4 26. Qg4 Qc5 27.
Bxd4 1-0

[Event "Team men HL chess"]
[Site "?"]
[Date "2015.05.02"]
[Round "2.5"]
[White "Payanidi, Janis"]
[Black "Usmanov, Vasily"]
[Result "1/2-1/2"]
[WhiteElo "2264"]
[BlackElo "2460"]
[PlyCount "79"]
[EventDate "2015.05.01"]

1. e4 c5 2. Nf3 Nc6 3. Bb5 g6 4. O-O Bg7 5. Re1 Nf6 6. e5 Nd5 7. Nc3 Nc7 8.
Bxc6 dxc6 9. Ne4 b6 10. Nf6+ Kf8 11. Ne4 h6 12. h3 Kg8 13. a4 Be6 14. d3 Kh7
15. b3 f5 16. exf6 exf6 17. Bb2 Re8 18. Ng3 Bd5 19. Rxe8 Nxe8 20. Qe2 Nd6 21.
Re1 Qf8 22. Nd2 Re8 23. Qd1 Kg8 24. Rxe8 Qxe8 25. c4 Be6 26. Nde4 Qe7 27. Nxd6
Qxd6 28. Ne4 Qe7 29. Qa1 Kf7 30. g4 Qd8 31. f3 g5 32. Kg2 Kg6 33. Bc3 a5 34.
Qb2 Bc8 35. Kf2 Qc7 36. Kg2 Qd8 37. Kf2 Qc7 38. Kg2 Qd8 39. Kf2 Qc7 40. Kg2
1/2-1/2

[Event "Team men HL chess"]
[Site "?"]
[Date "2015.05.02"]
[Round "2.5"]
[White "Palchun, Grigory"]
[Black "Kovalev, Egor"]
[Result "1-0"]
[WhiteElo "2299"]
[BlackElo "2127"]
[PlyCount "75"]
[EventDate "2015.05.01"]

1. d4 g6 2. Nf3 Bg7 3. Bf4 d6 4. e3 Nd7 5. Be2 e5 6. Bg3 Ne7 7. h3 O-O 8. O-O
Nf5 9. Bh2 Re8 10. c3 Qe7 11. Re1 h5 12. e4 Nh6 13. Na3 g5 14. dxe5 dxe5 15.
Nc4 g4 16. hxg4 hxg4 17. Nfd2 Qg5 18. Nf1 Nf6 19. Ng3 b6 20. Qc2 Bb7 21. Rad1
Rad8 22. Ne3 Qg6 23. Bb5 Rxd1 24. Qxd1 c6 25. Bc4 b5 26. Bb3 Bf8 27. Qd3 Re7
28. Ngf5 Rd7 29. Qe2 c5 30. Qxb5 Bxe4 31. Nxh6+ Qxh6 32. Bxe5 Re7 33. Bxf6 Qxf6
34. Nxg4 Qg6 35. Re3 Bxg2 36. Rg3 Bc6 37. Nf6+ Kh8 38. Qxc6 1-0

[Event "Team men HL chess"]
[Site "?"]
[Date "2015.05.02"]
[Round "2.6"]
[White "Gabrielian, Artur"]
[Black "Paravyan, David"]
[Result "0-1"]
[WhiteElo "2562"]
[BlackElo "2453"]
[PlyCount "108"]
[EventDate "2015.05.01"]

1. e4 e5 2. Nf3 Nc6 3. Bb5 Nf6 4. O-O Nxe4 5. d4 Nd6 6. Bxc6 dxc6 7. dxe5 Nf5
8. Qxd8+ Kxd8 9. Nc3 Bd7 10. b3 Kc8 11. Bb2 Be7 12. Rad1 Nh4 13. Nd4 Re8 14.
Rfe1 Bf8 15. Ne4 h6 16. g3 Ng6 17. f4 c5 18. Nf3 a5 19. Rxd7 Kxd7 20. f5 Ne7
21. f6 Nf5 22. fxg7 Nxg7 23. Nf6+ Ke7 24. Nxe8 Kxe8 25. a4 c4 26. bxc4 Ne6 27.
Bd4 Ra6 28. Be3 Rc6 29. Nd2 Bb4 30. Rd1 Bxd2 31. Bxd2 Rxc4 32. Bxa5 Rxa4 33.
Be1 Rc4 34. c3 Re4 35. Bd2 h5 36. Rb1 b6 37. Kf2 Rxe5 38. Kf3 Kd7 39. Rb4 b5
40. g4 Rd5 41. Ke2 c5 42. Rxb5 hxg4 43. Rb7+ Ke8 44. Rb8+ Ke7 45. Rh8 f5 46.
Rh6 f4 47. Bc1 f3+ 48. Kf2 Rd3 49. Rh7+ Kd6 50. Be3 Rxc3 51. Rh4 Rc2+ 52. Kf1
Rc4 53. Kf2 Ke5 54. Kg3 Ng7 0-1

[Event "Team men HL chess"]
[Site "?"]
[Date "2015.05.02"]
[Round "2.6"]
[White "Vavulin, Maksim"]
[Black "Rozhko, Dmitry"]
[Result "1-0"]
[WhiteElo "2442"]
[BlackElo "2334"]
[PlyCount "73"]
[EventDate "2015.05.01"]

1. e4 c6 2. d4 d5 3. Nd2 dxe4 4. Nxe4 Nd7 5. Bc4 Ngf6 6. Ng5 e6 7. Qe2 Nb6 8.
Bd3 h6 9. N5f3 c5 10. Be3 Qc7 11. Ne5 Bd6 12. Ngf3 Nbd5 13. O-O-O a6 14. Nc4
Be7 15. dxc5 Nxe3 16. Nd6+ Bxd6 17. cxd6 Qa5 18. Qxe3 Qxa2 19. Qd4 Bd7 20. Ne5
Qa1+ 21. Kd2 Qa5+ 22. Ke2 O-O 23. b4 Qd8 24. c4 Bc6 25. Rhe1 Rc8 26. Kf1 Nd7
27. Nxc6 bxc6 28. c5 a5 29. b5 cxb5 30. c6 Nf6 31. Bxb5 Nd5 32. Qc5 Qh4 33. h3
Qf4 34. d7 Rb8 35. Rxd5 exd5 36. c7 Rxb5 37. Qxf8+ 1-0

[Event "Team men HL chess"]
[Site "?"]
[Date "2015.05.02"]
[Round "2.6"]
[White "Bykov, Egor"]
[Black "Savenkov, Konstantin"]
[Result "0-1"]
[WhiteElo "2245"]
[BlackElo "2332"]
[PlyCount "66"]
[EventDate "2015.05.01"]

1. d4 Nf6 2. Nf3 g6 3. Bg5 Bg7 4. Nbd2 O-O 5. c3 d6 6. e4 c5 7. dxc5 dxc5 8.
Bc4 Nc6 9. Qe2 Qc7 10. O-O h6 11. Bxf6 exf6 12. Nh4 Kh7 13. f4 Re8 14. Qf2 b6
15. Rfe1 Bb7 16. Bd5 Rad8 17. Nc4 b5 18. Ne3 c4 19. f5 g5 20. Nf3 Bf8 21. Qg3
Bd6 22. Qh3 Bc5 23. Rad1 Bxe3+ 24. Rxe3 Qb6 25. Nd4 Nxd4 26. Rxd4 Bxd5 27. exd5
Re5 28. d6 Rxd6 29. Qh5 Kg8 30. Qe2 Rxd4 31. cxd4 Qxd4 32. Kf2 Rxf5+ 33. Ke1
Re5 0-1

[Event "Team men HL chess"]
[Site "?"]
[Date "2015.05.02"]
[Round "2.6"]
[White "Shuvalova, Polina"]
[Black "Nechaev, Oleg"]
[Result "0-1"]
[WhiteElo "2212"]
[BlackElo "2339"]
[PlyCount "86"]
[EventDate "2015.05.01"]

1. e4 c5 2. Nf3 Nc6 3. Bb5 g6 4. c3 Nf6 5. Qe2 Bg7 6. d4 cxd4 7. cxd4 O-O 8. d5
a6 9. Bd3 Nb4 10. Bc4 e6 11. dxe6 dxe6 12. O-O b5 13. Bb3 Qd3 14. Re1 Bb7 15.
Nc3 Qxe2 16. Rxe2 Nd3 17. a3 Rac8 18. Bc2 Rfd8 19. Bxd3 Rxd3 20. Bf4 Nh5 21.
Be5 f6 22. Ne1 Rd7 23. g4 fxe5 24. gxh5 gxh5 25. Rd1 Rd4 26. Rdd2 Bc6 27. Kf1
a5 28. Nc2 Rxd2 29. Rxd2 Bf8 30. f3 b4 31. axb4 axb4 32. Nd1 Ba4 33. Nde3 Bh6
34. Ke2 Bb5+ 35. Kf2 b3 36. Na3 Ba4 37. Nac4 Bf4 38. h3 Rc7 39. Na3 h4 40. Nb1
Rc2 41. Ke2 Bb5+ 42. Kf2 Bd3 43. Ke1 Rc1+ 0-1

[Event "Team men HL chess"]
[Site "?"]
[Date "2015.05.02"]
[Round "2.7"]
[White "Airapetian, Gor"]
[Black "Belov, Igor"]
[Result "1-0"]
[WhiteElo "2439"]
[BlackElo "2407"]
[PlyCount "109"]
[EventDate "2015.05.01"]

1. d4 d6 2. e4 Nf6 3. Nc3 e5 4. Nf3 Nbd7 5. Bc4 Be7 6. O-O O-O 7. Re1 c6 8. a4
a5 9. Ba2 exd4 10. Nxd4 Nc5 11. Qf3 Qb6 12. Bg5 Bd7 13. Rad1 Rae8 14. h3 Qb4
15. Nb3 Be6 16. Nxc5 Qxc5 17. e5 dxe5 18. Bxf6 Bxf6 19. Ne4 Qe7 20. Bxe6 fxe6
21. Qc3 Rd8 22. Rxd8 Rxd8 23. Qxa5 Rd5 24. Qc3 Qd8 25. Qf3 Rd4 26. b3 Be7 27.
Qh5 Bf6 28. Re3 Qe7 29. Qf3 Rd5 30. Rd3 Qd8 31. Qg4 Qe7 32. Qf3 Qd8 33. Nc3 Rd4
34. Rxd4 Qxd4 35. Ne4 Be7 36. Qd3 Qxd3 37. cxd3 h5 38. Kf1 Kf7 39. Ke2 g6 40.
Kf3 Bb4 41. g4 hxg4+ 42. Kxg4 Kg7 43. Kf3 Kf7 44. Ng3 Bc5 45. Nf1 Kf6 46. Nh2
e4+ 47. Kxe4 Bb4 48. f4 Bd6 49. Ng4+ Ke7 50. Ne5 Kf6 51. d4 Bb4 52. Nd3 Bd6 53.
Nc5 b5 54. a5 Ke7 55. Nd3 1-0

[Event "Team men HL chess"]
[Site "?"]
[Date "2015.05.02"]
[Round "2.7"]
[White "Skomorokhin, Roman"]
[Black "Domogaev, Sergey"]
[Result "1-0"]
[WhiteElo "2376"]
[BlackElo "2489"]
[PlyCount "73"]
[EventDate "2015.05.01"]

1. d4 Nf6 2. Bf4 g6 3. e3 Bg7 4. Nf3 O-O 5. Be2 d6 6. h3 Nbd7 7. O-O b6 8. a4
Bb7 9. a5 Rb8 10. Bh2 c5 11. a6 Bc6 12. c4 Bxf3 13. Bxf3 Ne8 14. Nc3 Nc7 15.
Bc6 f5 16. Qd2 Kh8 17. b4 cxb4 18. Nb5 Nxb5 19. cxb5 g5 20. Qxb4 Nf6 21. Rac1
g4 22. Qb1 gxh3 23. Qxf5 hxg2 24. Rfd1 Rc8 25. e4 d5 26. exd5 Ne8 27. Qg4 Rg8
28. Qe6 Nd6 29. Rc3 Nxb5 30. Rh3 Rxc6 31. dxc6 Qc8 32. Qxc8 Rxc8 33. d5 Kg8 34.
Kxg2 Nc3 35. Rdd3 Na4 36. Rde3 Bf6 37. Be5 1-0

[Event "Team men HL chess"]
[Site "?"]
[Date "2015.05.02"]
[Round "2.7"]
[White "Sadovsky, Artem"]
[Black "Zakharov, Aleksej"]
[Result "1-0"]
[WhiteElo "2381"]
[BlackElo "2310"]
[PlyCount "117"]
[EventDate "2015.05.01"]

1. e4 c5 2. Nf3 Nc6 3. b3 d6 4. Bb2 e5 5. Bc4 Be7 6. O-O Bg4 7. c3 Nf6 8. Re1
O-O 9. Na3 Bh5 10. Be2 Bg6 11. d3 d5 12. exd5 Nxd5 13. c4 Ndb4 14. Nxe5 Bf6 15.
Nxc6 bxc6 16. Bxf6 Qxf6 17. Nc2 Rad8 18. Nxb4 cxb4 19. a3 a5 20. Qd2 c5 21.
axb4 axb4 22. Bf1 Qd4 23. Qe3 Qxe3 24. Rxe3 Ra8 25. Rxa8 Rxa8 26. Re5 f6 27.
Rxc5 Ra3 28. f4 Rxb3 29. f5 Bh5 30. Rc8+ Kf7 31. h3 Bd1 32. Rc7+ Kf8 33. Kf2
Rb1 34. Rb7 b3 35. Ke3 b2 36. Rb8+ Ke7 37. Rb7+ Kd8 38. Kf2 Kc8 39. Rb4 Kc7 40.
g4 Bc2 41. Be2 Rh1 42. Rxb2 Bxd3 43. Kg3 Rb1 44. Ra2 Bxe2 45. Rxe2 Rb3+ 46. Kf4
Rxh3 47. Re7+ Kd6 48. Rxg7 Rc3 49. Rxh7 Rxc4+ 50. Kg3 Rc3+ 51. Kh4 Rc1 52. Kh5
Ke5 53. Kg6 Kf4 54. Rf7 Kxg4 55. Rxf6 Rc5 56. Rf8 Ra5 57. f6 Rg5+ 58. Kf7 Ra5
59. Rd8 1-0

[Event "Team men HL chess"]
[Site "?"]
[Date "2015.05.02"]
[Round "2.7"]
[White "Shumilina, Alexandra"]
[Black "Pogosian, Manvel"]
[Result "0-1"]
[WhiteElo "2269"]
[BlackElo "2378"]
[PlyCount "60"]
[EventDate "2015.05.01"]

1. e4 c6 2. d4 d5 3. e5 Bf5 4. Nf3 e6 5. Be2 Nd7 6. O-O Ne7 7. Nh4 Bg6 8. Bg5
Qb6 9. Nxg6 hxg6 10. b3 Nf5 11. c3 f6 12. exf6 gxf6 13. Bf4 e5 14. dxe5 fxe5
15. Bg5 Bd6 16. Bg4 e4 17. h3 Ne5 18. Nd2 Nd3 19. b4 Bf4 20. Bf6 Rf8 21. Bxf5
Rxf6 22. Bxe4 Nxf2 23. Rxf2 Bg3 24. Bxg6+ Kd8 25. Qh5 Qxf2+ 26. Kh1 Kc7 27.
Qh7+ Kb6 28. a4 a6 29. Qe7 Bd6 30. Qg7 Qg3 0-1

[Event "Team men HL chess"]
[Site "?"]
[Date "2015.05.02"]
[Round "2.8"]
[White "Musalov, Ruslan"]
[Black "Iljin, Artem"]
[Result "1/2-1/2"]
[WhiteElo "2352"]
[BlackElo "2537"]
[PlyCount "90"]
[EventDate "2015.05.01"]

1. d4 Nf6 2. Nf3 e6 3. e3 b6 4. Bd3 Bb7 5. O-O c5 6. b3 Be7 7. Bb2 O-O 8. Nbd2
Nc6 9. a3 Rc8 10. Qe2 Re8 11. Rad1 Bf8 12. Rfe1 cxd4 13. exd4 g6 14. Ne4 Nxe4
15. Bxe4 Bg7 16. Bd3 Ne7 17. Ne5 d6 18. Nf3 Rc7 19. Bb5 Rf8 20. Bd3 Qa8 21. Qe3
Bxf3 22. Qxf3 Qxf3 23. gxf3 d5 24. Kg2 Rfc8 25. Re2 Nc6 26. Ba6 Rb8 27. Bb5 Na5
28. b4 Nc4 29. Bxc4 Rxc4 30. c3 a5 31. Rd3 Ra8 32. Kf1 Bh6 33. Ke1 Kf8 34. Kd1
Ke7 35. Kc2 Bf4 36. h3 Kf6 37. Rd1 Kf5 38. Ree1 Rac8 39. Kb3 b5 40. Rd3 a4+ 41.
Kc2 g5 42. Bc1 Bd6 43. Rg1 Be7 44. f4 Bf6 45. Kb2 gxf4 1/2-1/2

[Event "Team men HL chess"]
[Site "?"]
[Date "2015.05.02"]
[Round "2.8"]
[White "Rodchenkov, Sergey D"]
[Black "Shandrygin, Nikita"]
[Result "0-1"]
[WhiteElo "2355"]
[BlackElo "2187"]
[PlyCount "45"]
[EventDate "2015.05.01"]

1. d4 Nf6 2. c4 g6 3. Nc3 d5 4. Nf3 Bg7 5. Bf4 O-O 6. e3 c5 7. dxc5 Qa5 8. Rc1
Nbd7 9. cxd5 Ne4 10. Qc2 Nxc3 11. bxc3 Nxc5 12. e4 Bd7 13. Be2 Ba4 14. Qb1
Bxc3+ 15. Kf1 Rac8 16. Bg5 Rfe8 17. g4 Qb4 18. Qxb4 Bxb4 19. Rc4 a5 20. Bd2 b5
21. Rd4 e5 22. dxe6 Nxe6 23. Rd5 0-1

[Event "Team men HL chess"]
[Site "?"]
[Date "2015.05.02"]
[Round "2.8"]
[White "Basiev, V P."]
[Black "Gerasimov, Ivan"]
[Result "0-1"]
[WhiteElo "2012"]
[BlackElo "2329"]
[PlyCount "116"]
[EventDate "2015.05.01"]

1. d4 Nf6 2. Bg5 Ne4 3. Bf4 c5 4. e3 Qb6 5. Nc3 Nxc3 6. bxc3 Nc6 7. d5 Na5 8.
Rb1 Qf6 9. Qd2 g5 10. Bg3 Bg7 11. c4 Qc3 12. Nf3 Nxc4 13. Qxc3 Bxc3+ 14. Kd1 g4
15. Bxc4 gxf3 16. gxf3 d6 17. Bb5+ Kd8 18. a4 Bf6 19. e4 h5 20. h4 Kc7 21. f4
Bc3 22. Ke2 a6 23. Bc4 Bd7 24. Kd3 Ba5 25. Bb3 b5 26. axb5 axb5 27. c4 Bb4 28.
Ra1 Ba3 29. Ra2 b4 30. f5 Rhg8 31. Re1 Rg7 32. Rae2 Rag8 33. Re3 Bb2 34. Rf3 f6
35. Re2 Bd4 36. Ra2 Kb7 37. Re2 Ra8 38. Re1 Ra3 39. Kc2 Rg8 40. Rd3 Rga8 41.
Rb1 Ba4 42. Kd1 Bxb3+ 43. Rdxb3 Rxb3 44. Rxb3 Ra3 45. Rb1 Rf3 46. Rc1 Bxf2 47.
Ke2 Rxg3 48. Kxf2 Rg4 49. Kf3 Rxh4 50. Rg1 Rh3+ 51. Kf4 b3 52. Rg7 b2 53. Rg1
Rb3 54. Rb1 Kc7 55. e5 dxe5+ 56. Ke4 Kd6 57. Ra1 Re3+ 58. Kxe3 bxa1=Q 0-1

[Event "Team men HL chess"]
[Site "?"]
[Date "2015.05.02"]
[Round "2.8"]
[White "Torbin, Kirill"]
[Black "Bagdasarov, Eduard"]
[Result "1/2-1/2"]
[WhiteElo "2372"]
[BlackElo "1970"]
[PlyCount "53"]
[EventDate "2015.05.01"]

1. d4 d5 2. Nf3 e6 3. c4 c6 4. Qc2 Nf6 5. g3 Nbd7 6. Nbd2 b6 7. Bg2 Bb7 8. O-O
c5 9. dxc5 Bxc5 10. b3 O-O 11. Bb2 Rc8 12. Rad1 b5 13. Qb1 bxc4 14. bxc4 Qb6
15. cxd5 Bxd5 16. Qa1 Qa6 17. e4 Bc6 18. Ne5 Nxe5 19. Bxe5 Bb5 20. Bxf6 gxf6
21. Qxf6 Bxf1 22. Bxf1 Qa4 23. Qg5+ Kh8 24. Qf6+ Kg8 25. Qg5+ Kh8 26. Qf6+ Kg8
27. Qg5+ 1/2-1/2

[Event "Team men HL chess"]
[Site "?"]
[Date "2015.05.02"]
[Round "2.9"]
[White "Grishchenko, Sergey"]
[Black "Tukhaev, Adam"]
[Result "1/2-1/2"]
[WhiteElo "2441"]
[BlackElo "2544"]
[PlyCount "66"]
[EventDate "2015.05.01"]

1. d4 d5 2. c4 c6 3. Nc3 dxc4 4. Nf3 e6 5. e3 b5 6. a4 Bb4 7. Bd2 a5 8. axb5
Bxc3 9. Bxc3 cxb5 10. b3 Bb7 11. bxc4 b4 12. Bb2 Nf6 13. Bd3 O-O 14. O-O Nbd7
15. Qc2 Qc7 16. Rfd1 Rfe8 17. Ne5 Nxe5 18. dxe5 Nd7 19. Bxh7+ Kf8 20. Rd6 Nc5
21. Bd4 g6 22. Bxg6 b3 23. Qb1 fxg6 24. Qxg6 Be4 25. Qf6+ Kg8 26. f3 Bc2 27.
Rc6 Qxc6 28. Qg6+ Kh8 29. Qh6+ Kg8 30. Qg6+ Kf8 31. Qf6+ Kg8 32. Qg6+ Kh8 33.
Qh6+ Kg8 1/2-1/2

[Event "Team men HL chess"]
[Site "?"]
[Date "2015.05.02"]
[Round "2.9"]
[White "Yandarbiev, Ruslan"]
[Black "Potapov, Alexey"]
[Result "1/2-1/2"]
[WhiteElo "2334"]
[BlackElo "2390"]
[PlyCount "119"]
[EventDate "2015.05.01"]

1. e4 c6 2. d4 d5 3. Nd2 dxe4 4. Nxe4 Nf6 5. Nxf6+ gxf6 6. Nf3 Bf5 7. g3 Qd5 8.
c4 Qe4+ 9. Qe2 Qxe2+ 10. Bxe2 Na6 11. a3 O-O-O 12. Be3 e6 13. O-O Nc7 14. Nh4
Bg6 15. Rfd1 Kb8 16. Nxg6 hxg6 17. b4 Bh6 18. a4 Bxe3 19. fxe3 e5 20. Ra2 Rhe8
21. Kf2 Ne6 22. Rad2 Ng5 23. Bf3 exd4 24. Rxd4 Rxd4 25. Rxd4 Kc7 26. h4 Ne6 27.
Rd1 a5 28. bxa5 Ra8 29. g4 Rxa5 30. Ra1 Kd6 31. h5 Nc5 32. h6 Ra8 33. a5 Rh8
34. Rd1+ Kc7 35. Rh1 Nb3 36. Kg3 Nxa5 37. Be2 Kd6 38. Kf4 Nb3 39. g5 Nc5 40.
gxf6 Ke6 41. e4 Kxf6 42. e5+ Ke7 43. Ke3 Rd8 44. h7 Rh8 45. Bg4 f5 46. exf6+
Kxf6 47. Kd4 b6 48. Rb1 Na4 49. Bd1 Rd8+ 50. Ke3 Nc3 51. Rc1 Kg7 52. Bf3 Re8+
53. Kd3 Na4 54. Bxc6 Nc5+ 55. Kc3 Re3+ 56. Kd4 Rd3+ 57. Ke5 Kxh7 58. Rb1 Rb3
59. Rxb3 Nxb3 60. Kd6 1/2-1/2

[Event "Team men HL chess"]
[Site "?"]
[Date "2015.05.02"]
[Round "2.9"]
[White "Benza, Artem"]
[Black "Bimiev, Ahmad"]
[Result "1-0"]
[WhiteElo "2369"]
[BlackElo "1996"]
[PlyCount "61"]
[EventDate "2015.05.01"]

1. e4 e5 2. Nc3 Nf6 3. Nf3 Nc6 4. Bc4 Be7 5. O-O O-O 6. d4 d6 7. h3 h6 8. Re1
Re8 9. a4 Bf8 10. Bb3 a6 11. a5 g6 12. Be3 Bg7 13. Qd2 exd4 14. Nxd4 Nxe4 15.
Nxe4 Rxe4 16. Nxc6 bxc6 17. Bxh6 Rxe1+ 18. Rxe1 Bxh6 19. Qxh6 d5 20. Ba4 Bd7
21. Qf4 Rb8 22. h4 c5 23. h5 g5 24. Qe5 Bxa4 25. h6 f6 26. Qf5 Kh8 27. Re6 Rb4
28. g3 Re4 29. Rxf6 Re8 30. Rf7 Bxc2 31. Rh7+ 1-0